Jeux Olympiques 1952 - Pays participants - Statistiques

Statistiques générales
  • Ce quiz a été pris 10 fois
  • Le résultat moyen est 75 sur 87
Réponses sur la Carte
Les réponses sont colorées sur une échelle allant du rouge au vert en fonction du pourcentage des utilisateurs qui les ont devinées à leur premier essai. Vous pouvez retrouver ces pourcentages ci-dessous.
 
Statistiques - réponses
Nombre d'athlètes Pays % Correct
153 Allemagne
100%
81 Australie
100%
97 Brésil
100%
107 Canada
100%
01 Chine
100%
18 Corée du Sud
100%
27 Espagne
100%
294 Etats-Unis
100%
244 France
100%
231 Italie
100%
69 Japon
100%
64 Mexique
100%
71 Portugal
100%
295 URSS
100%
URSS
100%
URSS
100%
URSS
100%
URSS
100%
URSS
100%
URSS
100%
URSS
100%
URSS
100%
URSS
100%
URSS
100%
URSS
100%
URSS
100%
URSS
100%
URSS
100%
04 Afghanistan
90%
64 Afrique du Sud
90%
Afrique du Sud
90%
123 Argentine
90%
112 Autriche
90%
135 Belgique
90%
59 Chili
90%
129 Danemark
90%
258 Finlande
90%
48 Grèce
90%
189 Hongrie
90%
64 Inde
90%
03 Indonésie
90%
22 Iran
90%
19 Irlande
90%
19 Islande
90%
102 Norvège
90%
14 Nouvelle-Zélande
90%
104 Pays-Bas
90%
125 Pologne
90%
257 Royaume-Uni
90%
206 Suède
90%
157 Suisse
90%
87 Yougoslavie
90%
Yougoslavie
90%
Yougoslavie
90%
Yougoslavie
90%
Yougoslavie
90%
Yougoslavie
90%
Yougoslavie
90%
06 Birmanie
80%
106 Egypte
80%
01 Guyana
80%
02 Liechtenstein
80%
44 Luxembourg
80%
14 Philippines
80%
103 Roumanie
80%
99 Tchécoslovaquie
80%
Tchécoslovaquie
80%
51 Turquie
80%
63 Bulgarie
70%
46 Cuba
70%
06 Guatemala
70%
23 Israël
70%
08 Jamaïque
70%
05 Monaco
70%
36 Pakistan
70%
Pakistan
70%
32 Uruguay
70%
32 Venezuela
70%
09 Liban
60%
07 Panama
60%
16 Thaïlande
60%
02 Trinité-et-Tobago
60%
06 Bahamas
50%
11 Singapour
50%
04 Ceylan
40%
07 Côte de l'Or
40%
09 Nigeria
30%
Aucun quiz correspondant
Distribution des résultats
% des personnes avec chaque résultat
Percentile par nombre de réponses
Votre historique - résultats
Vous n’avez pas pris ce quiz